000
00215nam a2200085Ia 4500
008
120527s9999 xx 000 0 und d
100
_a
PEGETS, Carl.
245
_a
System analysis for production operation.
942
_c
BK
999
_c
24212
_d
24212